Fundamentals of Genetics Ed 6 (Record no. 229707)

MARC details
000 -LEADER
fixed length control field 00956nam a22002417a 4500
005 - DATE AND TIME OF LATEST TRANSACTION
control field 20250805114650.0
008 - FIXED-LENGTH DATA ELEMENTS--GENERAL INFORMATION
fixed length control field 240201b ||||| |||| 00| 0 eng d
020 ## - INTERNATIONAL STANDARD BOOK NUMBER
International Standard Book Number 9789393168368
040 ## - CATALOGING SOURCE
Transcribing agency AL
041 ## - LANGUAGE CODE
Language code of text/sound track or separate title eng
082 ## - DEWEY DECIMAL CLASSIFICATION NUMBER
Edition number 23
Classification number 575.1
Item number SINF
100 ## - MAIN ENTRY--PERSONAL NAME
Personal name B D Singh
100 ## - MAIN ENTRY--PERSONAL NAME
9 (RLIN) 233975
245 ## - TITLE STATEMENT
Title Fundamentals of Genetics Ed 6
250 ## - EDITION STATEMENT
Edition statement 6
260 ## - PUBLICATION, DISTRIBUTION, ETC.
Place of publication, distribution, etc. New Delhi
Name of publisher, distributor, etc. Med Tech Science Press
Date of publication, distribution, etc. 2024
300 ## - PHYSICAL DESCRIPTION
Extent xxx,702p.
Other physical details PB
Dimensions 24x18cm.
365 ## - TRADE PRICE
Source of price type code Biotechnology
Price type code ABID/0745/24
Price amount 521.25
Currency code
Unit of pricing 695.00
Price note 25%
Price effective from 25-01-2024
520 ## - SUMMARY, ETC.
Summary, etc. Fundamentals of Genetics By B.D. Singh, CONTENTS : Section-1. General History, Section-2. Cytology and Cytogenetics, Section-3. Transmission Genetics, Section-4. Molecular Genetics, Section-5. Population and Evolutionary Genetics, Section-5. Glossary and Appendices, Glossary.
650 ## - SUBJECT ADDED ENTRY--TOPICAL TERM
Topical term or geographic name entry element Cytology
9 (RLIN) 149434
650 ## - SUBJECT ADDED ENTRY--TOPICAL TERM
Topical term or geographic name entry element Molecular Genetics
9 (RLIN) 149435
650 ## - SUBJECT ADDED ENTRY--TOPICAL TERM
Topical term or geographic name entry element Transmission Genetics
9 (RLIN) 149436
942 ## - ADDED ENTRY ELEMENTS (KOHA)
Source of classification or shelving scheme Dewey Decimal Classification
Koha item type Reference
Holdings
Withdrawn status Lost status Source of classification or shelving scheme Damaged status Not for loan Collection code Home library Current library Shelving location Date acquired Source of acquisition Cost, normal purchase price Total Checkouts Full call number Barcode Date last seen Cost, replacement price Price effective from Koha item type
    Dewey Decimal Classification   Reference Book Bio Technology St Aloysius Library St Aloysius Library Reference Section 01/30/2024 Academic Book Distributors, Ramanagaram 562159 521.00   575.1 SINF 077068 02/01/2024 695.00 02/01/2024 Reference